Chicago Bears Retired Numbers - Statistics

General Stats
  • This quiz has been taken 18 times
  • The average score is 7 of 14
Answer Stats
Hint Answer % Correct
#34 Walter Payton
94%
#51 Dick Butkus
88%
#40 Gale Sayers
76%
#89 Mike Ditka
76%
#7 George Halas
59%
#3 Bronislaw "Bronko" Nagurski
53%
#42 Sid Luckman
53%
#41 Brian Piccolo
41%
#77 Harold "Red" Grange
41%
#61 Bill George
24%
#66 Clyde "Bulldog" Turner
24%
#5 George McAfee
24%
#28 Willie Galimore
18%
#56 Bill Hewitt
12%
No matching quizzes found
Score Distribution
Percent of People with Each Score
Percentile by Number Answered
Your Score History
You have not taken this quiz